Statistiques concernant Paris 13ème Arrondissement : Les Stations de Métro

Cliquez ici pour prendre le quiz!

Statistiques générales

  • Ce quiz a été pris 99 fois
  • Le résultat moyen est 17 sur 20

Statistiques - réponses

LigneCorrespondanceRéponse% Correct
6Métros 5 et 7Place d’Italie
98%
5Métros 6 et 7Place d’Italie
98%
7Métros 5 et 6Place d’Italie
98%
7Tram 3aPorte d’Italie
96%
14Olympiades
92%
5Métro 10, RER CGare d’Austerlitz
90%
10Métro 5, RER CGare d’Austerlitz
90%
14RER CBibliothèque François Mitterrand
88%
7Tolbiac
87%
6Glacière
86%
7Maison Blanche
85%
7Tram 3aPorte d’Ivry
85%
7Tram 3aPorte de Choisy
83%
6Quai de la Gare
83%
5Campo Formio
79%
6Chevaleret
75%
6Corvisart
75%
6Nationale
75%
5Saint Marcel
73%
7Gobelins
58%

Distribution des résultats

Percentile par nombre de réponses

% des personnes avec chaque résultat

Votre développement - résultats

Vous n’avez pas pris ce quiz